000 00794nam a2200253Ia 4500
003 OSt
005 20220923225340.0
006 a|||||r|||| 00| 0
007 ta
008 220922b |||||||| |||| 00| 0 hin d
024 _a263,842
037 _cTextual
040 _aARTS
_cARTS
_bhin
041 _2hin
_ahin
082 _aV2.J, 152M9
100 _aभार्गव, मोतीलाल
_9156271
245 0 _aदो संत
_bदो सम्राट
246 _aDo santa:do samrāṭa
260 _aइलाहाबाद
_b साहित्य संगम
_c1989
300 _a200पृ.
_ccm.
650 _aविश्व-इतिहास
942 _hV2.J, 152M9
_cTEXL
_2CC
999 _c377691
_d377691